000 00518nam a2200193 a 4500
001 1774864341765
003 YourLibrary
005 20260330152417.0
008 260330s2007##################000#0#eng##
020 _a9780521880398
082 0 4 _a355.82
_bCAI
100 1 _aSurvey, Small Arms,
_eauthor.
245 1 0 _aSmall Arms Survey 2007 :
260 _bCambridge University Press,
_c2007.
300 _a399 pages
650 0 _aBusiness & Economics.
942 _cENGLISH
040 _aYourLibrary
_beng
_cYourLibrary
999 _c618236
_d618236